<?xml version="1.0" encoding="UTF-8"?>
<collection xmlns="http://www.loc.gov/MARC21/slim">
 <record>
  <leader>00707nam a2200205   4500</leader>
  <controlfield tag="001">000013527</controlfield>
  <controlfield tag="003">9869</controlfield>
  <controlfield tag="005">20150812150828.0</controlfield>
  <controlfield tag="008">120316s                               sd</controlfield>
  <datafield tag="100" ind1="0" ind2=" ">
   <subfield code="a">Nguyễn Quang Vinh</subfield>
  </datafield>
  <datafield tag="245" ind1="0" ind2="0">
   <subfield code="a">Phương pháp dạy học môn sinh học ở trung học cơ sở</subfield>
   <subfield code="c">Nguyễn Quang Vinh</subfield>
  </datafield>
  <datafield tag="774" ind1=" " ind2=" ">
   <subfield code="a">Nguyễn Quang Vinh</subfield>
   <subfield code="d">Đại học Sư Phạm</subfield>
   <subfield code="d">H.</subfield>
   <subfield code="d">2005</subfield>
   <subfield code="g">Tập 1</subfield>
   <subfield code="h">229 tr.</subfield>
   <subfield code="n">ĐTTS: Bộ giáo dục và đào tạo dự án đào tạo giáo viên THCS</subfield>
   <subfield code="w">9870</subfield>
  </datafield>
  <datafield tag="OWN" ind1=" " ind2=" ">
   <subfield code="a">LSP</subfield>
  </datafield>
  <datafield tag="999" ind1=" " ind2=" ">
   <subfield code="a">From the UDN01</subfield>
  </datafield>
  <datafield tag="TYP" ind1=" " ind2=" ">
   <subfield code="a">Monograph</subfield>
  </datafield>
  <datafield tag="TYP" ind1=" " ind2=" ">
   <subfield code="a">Printed language</subfield>
  </datafield>
  <datafield tag="980" ind1=" " ind2=" ">
   <subfield code="a">Mạng thư viện Đại học Đà Nẵng</subfield>
  </datafield>
 </record>
</collection>
